000 00607nam a2200217Ia 4500
005 20241129120221.0
008 241129s9999||||xx |||||||||||||| ||und||
020 _a9780670099894
037 _aTB
040 _aSDCL
_beng
_cSDCL
041 _aeng
_2eng
084 _aX:75.2'P, R3 LR
_qSDCL
100 _aRajan Raghuram G.; Lamba Rohit
_9729446
245 0 _aBreaking the Mould : Reimagining India's economic future
260 _aGurugram
_c2023
300 _axxxi,297p.
365 _aINR
_b799
650 _aReference
942 _cTB
_hX:75.2'P, R3 LR
999 _c1233856
_d1233856